Zváracie materiály. STN 05 1105. EN 1597-1 : Skúšobné metódy. Časť 1: Skúšobná vzorka na odber skúšobných tyčí zvarového kovu z ocele, niklu a niklových zliatin. Apríl 2000

Enregistré dans:
Détails bibliographiques
Format: Livre
Langue:slovaque
Publié: Bratislava : Slovenský ústav technickej normalizácie, 2000
Sujets:
Tags: Ajouter un tag
Pas de tags, Soyez le premier à ajouter un tag!

MARC

LEADER 00000nam a22000003a 4500
001 stu77408
005 20150408161648.8
008 020926s2000----xo------------------slo-d
040 |a STU  |b slo 
041 0 |a slo 
044 |a xo 
080 |a 621.7 
245 |a Zváracie materiály. STN 05 1105. EN 1597-1 :  |b Skúšobné metódy. Časť 1: Skúšobná vzorka na odber skúšobných tyčí zvarového kovu z ocele, niklu a niklových zliatin. Apríl 2000 
260 |a Bratislava :  |b Slovenský ústav technickej normalizácie,  |c 2000 
300 |a 12 s 
650 7 |a zváranie  |2 stusub 
996 |b 284M050590  |c M*N-431-1  |l MMKN  |s A  |a 24  |w stu77408_0001